000 00679nam a2200205Ia 4500
005 20260121110028.0
008 008 260114s9999 xx 000 0 hin d
020 _a9788132365358
037 _aEBOOK
040 _aCRL
_bhin
_cCRL
041 _ahin
_2hin
084 _qCRL
100 _aअपर्णा गांगुली / Aparna Ganguli
_9941179
245 0 _aसजीव जगत का पूर्ण परिचय / Sajeev Jagat ka Poorn Parichay
260 _bभाषा प्रकाशन / Bhasha Prakashan
_c2021
856 _uhttps://bhashaprakashan.com/product-details/379187
942 _cEBOOK
999 _c1532844
_d1532844